| 000 | 00557nam a22002177a 4500 | ||
|---|---|---|---|
| 003 | Ost | ||
| 005 | 20250729091124.0 | ||
| 008 | 250729b |||||||| |||| 00| 0 eng d | ||
| 020 | _a9781478646525 | ||
| 040 | _cBT-PhCST | ||
| 050 | _a25496 | ||
| 082 |
_222 _a551.48 _bFET |
||
| 100 | _aFetter, C. W. | ||
| 245 | _aApplied hydrogeology / | ||
| 250 | _a5th ed. | ||
| 260 |
_aThe USA : _bWaveland Press , _cc2022. |
||
| 300 |
_axix, 625 p. : _bill. ; _c25 cm. |
||
| 500 | _aIncludes index and References. | ||
| 700 | _aKreamer, David. | ||
| 942 |
_2ddc _cWRE |
||
| 999 |
_c10084 _d10084 |
||